000
00334nam a22001577a 4500
005
20160629122302.0
008
160629b xxu||||| |||| 00| 0 eng d
041
_a
eng
082
_b
11022
100
_a
Hussen, M.M.
_9
3166
245
_a
Bishad Sindu
260
_b
Harap
300
_a
312
650
_a
Management
_9
241
942
_c
BK
999
_c
4637
_d
4635